01214nam a2200229 a 4500008004100000050002200041100002000063245009500083246002400178260004100202300002900243350000900272490003400281650002700315650002800342700002700370995014100397995016100538999001700699952013300716952013500849120416s2005 ||||||||||||||||| || u aIBRD(08)PRWP/3519 aRaballand, Gael10aHow do differing standards increase trade costs?cby Gael Raballand; Enrique Aldaz-Carroll athe case of pallets aWashington, D. C.:bWorld Bankc2005 a20 pages : illustrations a0.00 aPolicy Research Working Paper aTRADE POLICY--ZIMBABWE aTRANSPORTATION--PALLETS aAldaz-Carroll, Enrique aSPECIAL COLLECTIONSD0.00e9019771FCBU-MAIN LIBRARY (Kitwe)H1I0.00jIBRD(08)PRWP/3519UAVAILABLEy9019771ZInternational Publications aSPECIAL COLLECTIONSD0.00e03006659FCBU-MAIN LIBRARY (Kitwe)H1I0.00jIBRD(08)PRWP/3519M1UAVAILABLEWJun 25, 2010yZ03006659ZInternational Publications c76355d76355 00102lcc4070a001b001cInternational Publicationsd2023-04-25l0oIBRD(08)PRWP/3519p9019771r2023-04-25t1w2023-04-25y023 00102lcc4070a001b001cInternational Publicationsd2023-04-25l0oIBRD(08)PRWP/3519pZ03006659r2023-04-25t2w2023-04-25y023